10 000 Metres World Championship Medalists - Statistics

General Stats
  • This quiz has been taken 57 times
  • The average score is 24 of 93
Answer Stats
% Correct
Men Gold 2013 Mo Farah
100%
Men Gold 2015 Mo Farah
100%
Men Gold 2017 Mo Farah
100%
Men Silver 2011 Mo Farah
100%
Women Gold 2017 Almaz Ayana
64%
Women Bronze 2005 Ejegayehu Dibaba
64%
Men Gold 2003 Kenenisa Bekele
64%
Men Gold 2005 Kenenisa Bekele
64%
Men Gold 2007 Kenenisa Bekele
64%
Men Gold 2009 Kenenisa Bekele
64%
Women Gold 2005 Tirunesh Dibaba
64%
Women Gold 2007 Tirunesh Dibaba
64%
Women Gold 2013 Tirunesh Dibaba
64%
Women Silver 2017 Tirunesh Dibaba
64%
Women Silver 1999 Paula Radcliffe
55%
Men Gold 1993 Haile Gebreselassie
45%
Men Gold 1995 Haile Gebreselassie
45%
Men Gold 1997 Haile Gebreselassie
45%
Men Gold 1999 Haile Gebreselassie
45%
Men Silver 2003 Haile Gebreselassie
45%
Men Bronze 2001 Haile Gebreselassie
45%
Women Gold 2011 Vivian Cheruiyot
45%
Women Gold 2015 Vivian Cheruiyot
45%
Women Gold 1991 Liz McColgan
36%
Men Silver 2015 Geoffrey Kipsang Kamworor
27%
Women Gold 1999 Gete Wami
27%
Women Bronze 2001 Gete Wami
27%
Men Gold 2011 Ibrahim Jeilan
27%
Men Silver 2013 Ibrahim Jeilan
27%
Men Gold 1991 Moses Tanui
27%
Men Silver 1993 Moses Tanui
27%
Men Bronze 2013 Paul Tanui
27%
Men Bronze 2015 Paul Tanui
27%
Men Bronze 2017 Paul Tanui
27%
Men Gold 1983 Alberto Cova
18%
Women Gold 2001 Derartu Tulu
18%
Women Silver 1995 Derartu Tulu
18%
Women Bronze 2015 Emily Infeld
18%
Women Silver 2015 Gelete Burka
18%
Men Silver 2017 Joshua Kiprui Cheptegei
18%
Men Gold 1987 Paul Kipkoech
18%
Men Silver 1997 Paul Tergat
18%
Men Silver 1999 Paul Tergat
18%
Men Bronze 1995 Paul Tergat
18%
Men Bronze 1997 Salah Hissou
18%
Women Silver 2011 Sally Kipyego
18%
Women Bronze 1995 Tegla Loroupe
18%
Women Bronze 1999 Tegla Loroupe
18%
Women Gold 1993 Wang Junxia
18%
Women Bronze 2017 Agnes Jebet Tirop
9%
Men Silver 2001 Assefa Mezgebu
9%
Men Bronze 1999 Assefa Mezgebu
9%
Women Bronze 2013 Belaynesh Oljira
9%
Women Gold 2003 Berhane Adere
9%
Women Silver 2001 Berhane Adere
9%
Women Silver 2005 Berhane Adere
9%
Men Gold 2001 Charles Kamathi
9%
Women Gold 1995 Fernanda Ribeiro
9%
Women Silver 1997 Fernanda Ribeiro
9%
Men Silver 1987 Francesco Panetta
9%
Women Silver 2013 Gladys Cherono Kiprono
9%
Men Bronze 1983 Hansjörg Kunze
9%
Men Bronze 1987 Hansjörg Kunze
9%
Men Bronze 2011 Imane Merga
9%
Women Gold 1987 Ingrid Kristiansen
9%
Women Bronze 2007 Jo Pavey
9%
Women Silver 2007 Kara Goucher
9%
Women Bronze 1987 Kathrin Weßel
9%
Men Silver 1995 Khalid Skah
9%
Men Bronze 1991 Khalid Skah
9%
Women Gold 2009 Linet Masai
9%
Women Bronze 2011 Linet Masai
9%
Men Bronze 2007 Martin Mathathi
9%
Women Bronze 1997 Masako Chiba
9%
Women Silver 2009 Meselech Melkamu
9%
Men Bronze 2005 Moses Mosop
9%
Men Bronze 2009 Moses Ndiema Masai
9%
Men Silver 1991 Richard Chelimo
9%
Men Bronze 1993 Richard Chelimo
9%
Women Gold 1997 Sally Barsosio
9%
Women Bronze 1993 Sally Barsosio
9%
Men Silver 2005 Sileshi Sihine
9%
Men Silver 2007 Sileshi Sihine
9%
Men Bronze 2003 Sileshi Sihine
9%
Women Bronze 2003 Sun Yingjie
9%
Women Bronze 1991 Wang Xiuting
9%
Women Silver 2003 Werknesh Kidane
9%
Men Silver 1983 Werner Schildhauer
9%
Women Bronze 2009 Wude Ayalew
9%
Women Silver 1987 Yelena Zhupiyeva-Vyazova
9%
Men Silver 2009 Zersenay Tadese
9%
Women Silver 1991 Zhong Huandi
9%
Women Silver 1993 Zhong Huandi
9%
No matching quizzes found
Score Distribution
Percent of People with Each Score
Percentile by Number Answered
Your Score History
You have not taken this quiz